=LDR 00000nam 2200000 4500 =001 INLIS000000000017189 =005 20200228083907 =035 ##$$a 0010-061300000017189 =008 200228################g##########0#ind## =041 ##$$a Ind =082 ##$$a 005.369 =090 ##$$a 005.369, Hus a =100 ##$$a Husen, Muhammad Fakhri =245 1#$$a Aplikasi komputer untuk perkantoran /$c Muhammad Fakhri Husein =260 ##$$a Jakarta :$b Salemba Infotek,$c 2002 =300 ##$$a xiv, 245 hlm. : $b ilus. ; $c 20x25 cm. =650 #4$$a Komputer-Aplikasi =850 ##$$a NBPNMAT =020 ##$$a 979-9550-09-2 =084 ##$$a 005.369 HUS a =990 ##$$a 20603044 =990 ##$$a 20603046 =990 ##$$a 20603047 =990 ##$$a 1035784 =990 ##$$a 20603046 =990 ##$$a 20603044 =990 ##$$a 20603047 =990 ##$$a 1035784 =990 ##$$a 20603044 =990 ##$$a 20603046 =990 ##$$a 20603047 =990 ##$$a 1035784